000 00368nam a22001337a 4500
005 20171026111023.0
008 171026b xxu||||| |||| 00| 0 eng d
040 _cPK-LaUMT
082 _aPKAC 297.74
_bMAJ-
245 _aMajjala tanzeem/
260 _aلاہور:
_bادارہ تعلیمی تحقیق تنظیم اساتذہ ،
_c1984
300 _a112 ص
942 _cBK
999 _c99551
_d99551